| 000 | 00367nam a2200145Ia 4500 | ||
|---|---|---|---|
| 008 | 230312s9999||||xx |||||||||||||| ||und|| | ||
| 020 | _a978-0-07-225349 | ||
| 082 |
_a005.698 _bSCH-N |
||
| 100 | _aAdrian,Ciprian | ||
| 245 | 0 | _aWindows 10 At Work for Dummies | |
| 260 |
_bMcGraw Hill _aNew york _c2005 |
||
| 300 | _a404 | ||
| 650 |
_aComputer _vComputer |
||
| 942 | _cBK | ||
| 999 |
_c15803 _d15803 |
||